| 000 | 00762cam a22002651 4500 | ||
|---|---|---|---|
| 001 | 24532 | ||
| 003 | BD-RjUL | ||
| 005 | 20211209001050.0 | ||
| 008 | 140313s1960 enk b 001 0beng | ||
| 035 | _a(BD-RjUL)24599 | ||
| 035 | _a(OCoLC)1292166 | ||
| 040 |
_aDLC _cMoSW _dBD-RjUL _beng |
||
| 041 | _aeng | ||
| 082 | 0 | 0 |
_a940.53 _bBRW 1960 |
| 100 | 1 |
_aBroad, C. Lewis _q(Charlie Lewis), _d1900- _974762 |
|
| 245 | 1 | 4 |
_aThe war that Churchill waged / _cLewis Broad. |
| 260 |
_aLondon : _bHutchinson, _c1960. |
||
| 300 |
_a472 p. ; _c22 cm. |
||
| 504 | _aIncludes bibliographies and index. | ||
| 600 | 1 | 0 |
_aChurchill, Winston, _d1874-1965. _951096 |
| 650 | 0 |
_aWorld War, 1939-1945. _975512 |
|
| 942 |
_2ddc _cBK |
||
| 999 |
_c24532 _d24532 |
||